An introduction to the accounts and audit of the Government of Pakistan (provisional issue) (Record no. 84297)

MARC details
000 -LEADER
fixed length control field 00947nam a2200229 4500
001 - CONTROL NUMBER
control field sa 68012082
003 - CONTROL NUMBER IDENTIFIER
control field DLC
005 - DATE AND TIME OF LATEST TRANSACTION
control field 20260227112606.0
008 - FIXED-LENGTH DATA ELEMENTS--GENERAL INFORMATION
fixed length control field 691027s1954 pk 00000 eng
010 ## - LIBRARY OF CONGRESS CONTROL NUMBER
LC control number sa 68012082
025 ## - OVERSEAS ACQUISITION NUMBER
Overseas acquisition number PL480:P-E-1425
050 0# - LIBRARY OF CONGRESS CALL NUMBER
Classification number HJ9927.P13
Item number A46 1967
082 ## - DEWEY DECIMAL CLASSIFICATION NUMBER
Classification number 657.6/09549
110 10 - MAIN ENTRY--CORPORATE NAME
Corporate name or jurisdiction name as entry element Pakistan.
Subordinate unit Comptroller and Auditor General.
245 1# - TITLE STATEMENT
Title An introduction to the accounts and audit of the Government of Pakistan (provisional issue)
250 ## - EDITION STATEMENT
Edition statement 1st [Pakistan] ed.
260 0# - PUBLICATION, DISTRIBUTION, ETC.
Place of publication, distribution, etc. Karachi
Name of publisher, distributor, etc. [Manager of Publications, Govt. of Pakistan]
Date of publication, distribution, etc. 1954 [cover 1967]
300 ## - PHYSICAL DESCRIPTION
Extent xxiv, 211 p.
Dimensions 25 cm.
350 ## - PRICE (NR) (BK AM CF MU VM SE) [OBSOLETE]
Price 6.00
500 ## - GENERAL NOTE
General note "In this edition, the contents of An introduction to Indian Government accounts and audit, second edition, have been reproduced with such modifications as are consistent with the present constitutional set-up of Pakistan."
650 #0 - SUBJECT ADDED ENTRY--TOPICAL TERM
Topical term or geographic name entry element Finance, Public
Geographic subdivision Pakistan
General subdivision Accounting.

No items available.

Powered by Koha